000 00702nam a2200205Ii 4500
003 JO-AjNU
008 230605s9999||||xx |||||||||||||| ||und||
040 _aJO-AjNU
_bara
_erda
_cJO-AjNU
041 _aara
050 1 4 _aBP173.7.B3383 1974
100 3 _aالبهي، محمد,
_eauthor
_935282
245 0 0 _aمنهج القرآن في تطوير المجتمع
264 3 1 _aبيروت: دار الفكر للطباعة والنشر والتوزيع، 1974
300 _a278ص
336 _atext
_btxt
_2rdacontent
337 _aunmediated
_bn
_2rdamedia
338 _avolume
_bnc
_2rdacarrier
490 0 _aمن التفسير الموضوعي
650 4 _aالاسلام والمجتمع
_935283
999 _aA14551
_c18119
_d18119